| 000 | 00000nam##2200000za#4500 |
| 001 | 9.675737 |
| 003 | CaOODSP |
| 005 | 20210624225417 |
| 007 | cr ||||||||||| |
| 008 | 150407|2007||||xxc|||||o f|0| 0 eng|d |
| 040 | |aCaOODSP|beng |
| 041 | |aeng |
| 041 | |afre |
| 043 | |an-cn--- |
| 086 | 1 |aH14-10/2007-PDF |
| 110 | 1 |aCanada. |bHealth Canada. |
| 245 | 10|aInformation within your reach - Health Canada, Quebec Region |h[electronic resource] |
| 260 | |aMontreal - Quebec : |bHealth Canada |cc2007. |
| 300 | |a14p.|bphotographs |
| 500 | |aIncorrect catalogue numbers and ISBNs printed in this publication. |
| 590 | |a12-25-Supp|b2012-06-04 |
| 690 | 07|aHealth promotion|2gcpds |
| 776 | 0#|tL'information à portée de la main - Santé Canada, Région du Québec |w(CaOODSP)9.669550 |
| 792 | |tL'information à portée de main - Santé Canada, Région du Québec |efre|w(CaOODSP)9.675738 |
| 856 | 40|ahttp://publications.gc.ca|qPDF|s541 KB|uhttps://publications.gc.ca/collections/collection_2012/sc-hc/H14-10-2007.pdf |
| 986 | |aHC Pub. : 1410 |